| 000 | 00000nam##2200000za#4500 |
| 001 | 9.663157 |
| 003 | CaOODSP |
| 005 | 20210615120919 |
| 007 | ta |
| 008 | 150407|2001||||xxc||||| f|0| 0 eng|d |
| 020 | |a0-662-66035-8 |
| 040 | |aCaOODSP|beng |
| 041 | |aeng |
| 041 | |afre |
| 043 | |an-cn--- |
| 086 | 1 |aM22-139/2001 |
| 110 | 1 |aCanada.|bNatural Resources Canada. |bClimate Change Secretariat. |
| 245 | 10|aResponding to the challenge: the Climate Change Action Fund (CCAF): 1998-2001 report |
| 260 | |aOttawa - Ontario : |bNatural Resources Canada. |c2001. |
| 300 | |aEnglish text, 16p. ; |c28 cm. |
| 500 | |a"... looks at progress and achievements under the first phase of CCAF. Results are grouped under CCAF's four integrated components: Foundation Building; Technology Early Action Measures (TEAM); Science, Impacts and Adaptation (SIA); and Public Education and Outreach (PEO)."--Page 1. |
| 546 | |aBilingual |
| 563 | |aSoftcover |
| 590 | |a01-45|b2001-11-09 |
| 690 | 07|aClimate|2gcpds |
| 776 | 0#|tRelever le défi - fonds d'action pour le changement climatique (FACC), rapport 1998-2001 |w(CaOODSP)9.642039 |
| 776 | 0#|tResponding to the challenge - the Climate Change Action Fund (CCAF), 1998-2001 report |w(CaOODSP)9.698042 |
| 792 | |tRelever le défi: fonds d'action pour le changement climatique (FACC): rapport 1998-2001 |efre|w(CaOODSP)9.663158 |